| 000 | 00354pab a2200145 454500 | ||
|---|---|---|---|
| 008 | 180718b1999 xxu||||| |||| 00| 0 eng d | ||
| 100 | _aHazell, Robert | ||
| 245 | _aReinventing the constitution: can the state survive | ||
| 260 | _c1999 | ||
| 300 | _ap.84-103 | ||
| 362 | _aSpring | ||
| 650 | _aConstitutions | ||
| 773 | _aPublic Law | ||
| 909 | _a41515 | ||
| 999 |
_c41515 _d41515 |
||